Statistics for Be More Chill - Michael in the Bathroom - Lyric Quiz

Click here to take the quiz!

General Stats

  • This quiz has been taken 299 times
  • The average score is 63 of 67

Answer Stats

Michael% Correct
No, you can't come {in}!
99%
Or pretend to check a {text} on my phone
99%
All by {himself}
98%
All by {himself}
98%
All by {himself}
98%
All by {himself}
98%
I'm just Michael in the {bathroom}
98%
Michael flying {solo}
98%
Michael flying {solo}
98%
Michael flying {solo}
98%
Michael in the {bathroom}
98%
Michael in the bathroom at a {party}
98%
Michael in the bathroom at a {party}?
98%
Michael in the bathroom at a {party}
98%
Michael in the bathroom at a {party}
98%
Michael in the bathroom at a {party}
98%
Michael in the bathroom by {himself}
98%
Michael in the bathroom by {himself}
98%
Michael in the bathroom by {himself}
98%
Now I'm just Michael in the {bathroom}
98%
Now it's just Michael in the {bathroom}
98%
Oh, I'm just Michael who you don't {know}
98%
Oh, I'm just Michael who you don't {know}
98%
Who you think that you {know}
98%
As I choke back the {tears}
97%
I am hanging in the bathroom at the biggest party of the {fall}
97%
I could stay right here or {disappear} and nobody'd even notice at all
97%
I go to open up the {door}
97%
I'm waiting it out 'till it's time to {leave}
97%
I throw some {water} in my face
97%
"I wanna {dance} with somebody!"
97%
Memories get erased and I'll get replaced with a newer, {cooler} version of me
97%
And I am in a better {place}
96%
And through no {fault} of mine there's no other half there
96%
But I'd rather fake {pee} than stand awkwardly
96%
Everything felt fine when I was half of a {pair}
96%
Forget how {long} its been
96%
I am hiding but he's out there just ignoring all our {history}
96%
I'll wait as long as I need 'till my face is {dry}
96%
It sucks he left me here {alone}
96%
Now there's no one to make {fun} of drunk girls with anymore
96%
Oh, hell yeah, I'll be {out} soon
96%
Or I'll just blame it on weed or something in my {eye}
96%
But I can't hear {knocking} anymore
94%
My big mistake was {showing} up
94%
And I hear a drunk girl sing along to {Whitney} through the door
93%
And my feelings {sink} 'cos it makes me think
93%
And picking at {grout} as I softly grieve
93%
I'm a {creeper} in a bathroom 'cos my buddy kinda left me alone
93%
And then I look in the {mirror}
92%
Here in this {teenage} battle-zone
92%
God, he's such a {loser}!
91%
I half regret the {beers}
91%
Oh, I'm just Michael who's a {loner}
91%
So he must be a {stoner}
91%
I wish I stayed at home in bed watching {cable} porn
89%
Or wish I offed myself instead, wish I was never {born}
89%
Awesome party, I'm so {glad} I came
88%
I feel the {pressure} blowing up
88%
Is there a {sadder} sight than (humming)
88%
They're gonna start to {shout} soon
88%
All you know about me is my {name}
86%
And I can't help but {yearn} for a different time
86%
Rides a PT {Cruiser}
86%
And the present is {clearer}
83%
And there's no {denying} I'm just- (sobbing) - at a party
81%
This a {heinous} night
75%

Score Distribution

Percentile by Number Answered

Percent of People with Each Score

Your Score History

You have not taken this quiz